| 000 -CABECERA |
| Longitud fija campo de control |
00642nam a2200181 a 4500 |
| 001 - NÚMERO DE CONTROL |
| Número de control |
2615 |
| 003 - IDENTIFICADOR DEL NÚMERO DE CONTROL |
| Identificador del número de control |
CDMR |
| 005 - FECHA Y HORA DE LA ÚLTIMA TRANSACCIÓN |
| Fecha y hora de la última transacción |
20131107105428.0 |
| 008 - CÓDIGOS DE INFORMACIÓN DE LONGITUD FIJA |
| Códigos de información de longitud fija |
130130s1981||||||||||||||||||||||||||||d |
| 040 ## - FUENTE DE LA CATALOGACIÓN |
| Centro catalogador de origen |
CDMR |
| Lengua de catalogación |
cat |
| Centro transcriptor |
CDMR |
| 100 1# - PUNTO DE ACCESO PRINCIPAL-NOMBRE DE PERSONA |
| Nombre de persona |
Zeidler, Günter |
| 9 (RLIN) |
1956 |
| 245 14 - MENCIÓN DE TÍTULO |
| Título |
Los cables de fibras ópticas y su empleo en telecomunicaciones |
| Mención de responsabilidad, etc. |
[traducción: Antonio Soubrier] |
| 260 ## - PUBLICACIÓN, DISTRIBUCIÓN, ETC. (PIE DE IMPRENTA) |
| Lugar de publicación, distribución, etc. |
[Madrid] |
| Fecha de publicación, distribución, etc. |
1981 |
| Nombre del editor, distribuidor, etc. |
Instituto Oficial de Radio y Televisión |
| 300 ## - DESCRIPCIÓN FÍSICA |
| Extensión |
15 p. |
| Otras características físicas |
il. |
| Dimensiones |
30 cm |
| 500 ## - NOTA GENERAL |
| Nota general |
Traducció de l'article de G. Zeidler, aparegut a la revista UER núm. 189 (octubre 1981) |
| 650 04 - PUNTO DE ACCESO ADICIONAL DE MATERIA - TÉRMINO DE MATERIA |
| 9 (RLIN) |
4180 |
| Término de materia o nombre geográfico como elemento inicial |
Sistemes de telecomunicació |
| 942 ## - ENTRADA DE ELEMENTOS AGREGADOS (KOHA) |
| Koha [por defecto] tipo de item |
Monografies |
| Fuente de clasificaión o esquema |
|